000 00647nam a2200229Ia 4500
003 OSt
005 20220923230459.0
006 a|||||r|||| 00| 0
007 ta
008 Pun
024 _a282,435
037 _cTextual
040 _aARTS
_cARTS
_bPun
041 _2Pun
_aPun
082 _aO153,3NBA2w,1, N9
100 _aਬਚਿੰਦ ਕੌਰ
245 0 _aਸੈਸ਼ ਜੀਵਨੀ ਪਗਡੰਡੀਆਂ ਤੇ ਹੋਰ ਕਹਾਣੀਆਂ
260 _c1999
650 _aਪੰਜਾਬੀ ਸਾਹਿਤ
942 _hO153,3NBA2w,1, N9
_cTEXL
_2CC
999 _c385148
_d385148